| 000 | 00403nam a2200145Ia 4500 | ||
|---|---|---|---|
| 008 | 151015s9999 xx 000 0 und d | ||
| 020 | _a8131208362 | ||
| 050 | _aQA 273.19.E4D44 2006 | ||
| 245 | _aDeep Ronald | ||
| 250 | _a_Probability and Statistics | ||
| 300 | _aUSA Academic Press 2006 | ||
| 500 | _ainclude index | ||
| 650 | _a_Probability and statistics | ||
| 700 | _a^d20110117 03:02:38^okorir | ||
| 999 |
_c757 _d757 |
||